|
|
|
|
| LEADER |
02182nam a22005055i 4500 |
| 001 |
978-1-4614-3281-4 |
| 003 |
DE-He213 |
| 005 |
20151125193258.0 |
| 007 |
cr nn 008mamaa |
| 008 |
120519s2012 xxu| s |||| 0|eng d |
| 020 |
|
|
|a 9781461432814
|9 978-1-4614-3281-4
|
| 024 |
7 |
|
|a 10.1007/978-1-4614-3281-4
|2 doi
|
| 040 |
|
|
|d GrThAP
|
| 050 |
|
4 |
|a GE1-350
|
| 072 |
|
7 |
|a TQ
|2 bicssc
|
| 072 |
|
7 |
|a PSBT
|2 bicssc
|
| 072 |
|
7 |
|a SCI026000
|2 bisacsh
|
| 072 |
|
7 |
|a MED096000
|2 bisacsh
|
| 082 |
0 |
4 |
|a 571.95
|2 23
|
| 245 |
1 |
0 |
|a Reviews of Environmental Contamination and Toxicology
|h [electronic resource] /
|c edited by David M. Whitacre.
|
| 264 |
|
1 |
|a New York, NY :
|b Springer New York :
|b Imprint: Springer,
|c 2012.
|
| 300 |
|
|
|a X, 258 p.
|b online resource.
|
| 336 |
|
|
|a text
|b txt
|2 rdacontent
|
| 337 |
|
|
|a computer
|b c
|2 rdamedia
|
| 338 |
|
|
|a online resource
|b cr
|2 rdacarrier
|
| 347 |
|
|
|a text file
|b PDF
|2 rda
|
| 490 |
1 |
|
|a Reviews of Environmental Contamination and Toxicology, Continuation of Residue Reviews,
|x 0179-5953 ;
|v 219
|
| 505 |
0 |
|
|a Foreword -- Preface -- Parameters for Pyrethroid Insecticide QSAR and PBPK/PD Models for Human Risk Assessment -- Index.
|
| 520 |
|
|
|a CONTENTS FOREWORD PREFACE Parameters for Pyrethroid Insecticide QSAR and PBPK/PD Models for Human Risk Assessment James B. Knaak, Curtis C. Dary, Xiaofei Zhang, Robert W. Gerlach, R. Tornero-Velez, Daniel T. Chang, Rocky Goldsmith and Jerry N. Blancato Index.
|
| 650 |
|
0 |
|a Environment.
|
| 650 |
|
0 |
|a Environmental management.
|
| 650 |
|
0 |
|a Ecotoxicology.
|
| 650 |
|
0 |
|a Waste management.
|
| 650 |
1 |
4 |
|a Environment.
|
| 650 |
2 |
4 |
|a Ecotoxicology.
|
| 650 |
2 |
4 |
|a Environmental Management.
|
| 650 |
2 |
4 |
|a Waste Management/Waste Technology.
|
| 700 |
1 |
|
|a Whitacre, David M.
|e editor.
|
| 710 |
2 |
|
|a SpringerLink (Online service)
|
| 773 |
0 |
|
|t Springer eBooks
|
| 776 |
0 |
8 |
|i Printed edition:
|z 9781461432807
|
| 830 |
|
0 |
|a Reviews of Environmental Contamination and Toxicology, Continuation of Residue Reviews,
|x 0179-5953 ;
|v 219
|
| 856 |
4 |
0 |
|u http://dx.doi.org/10.1007/978-1-4614-3281-4
|z Full Text via HEAL-Link
|
| 912 |
|
|
|a ZDB-2-EES
|
| 950 |
|
|
|a Earth and Environmental Science (Springer-11646)
|